000 00550nam a22001217a 4500
008 110624t xxu||||| |||| 00| 0 eng d
010 _aHCAACF133
245 _aHigh Court Administration Cause No. MG. 10 OF 1991 Mrs. Alisantorina Olweny Vs Martin Olweny
260 _c1991
500 _aBefore: THE HONOURABLE MR. JUSTICE G.M. OKELLO
999 _c3928
_d3928